Catálogo
 En Linea

Código procesal penal : (Registro nro. 51874)

Detalles MARC
000 -CABECERA
campo de control de longitud fija 00879nam a2200277 a 4500
001 - NÚMERO DE CONTROL
campo de control 000030184
003 - IDENTIFICADOR DEL NÚMERO DE CONTROL
campo de control DO-SdBNP
005 - FECHA Y HORA DE LA ÚLTIMA TRANSACCIÓN
campo de control 20220601104011.0
007 - CAMPO FIJO DE DESCRIPCIÓN FÍSICA--INFORMACIÓN GENERAL
campo de control de longitud fija ta
008 - DATOS DE LONGITUD FIJA--INFORMACIÓN GENERAL
campo de control de longitud fija 110503s2007 dr 000 0 spa d
040 ## - FUENTE DE LA CATALOGACIÓN
Centro catalogador/agencia de origen DO-SdBNP
Lengua de catalogación spa
Centro/agencia transcriptor BNPHU
082 ## - NÚMERO DE LA CLASIFICACIÓN DECIMAL DEWEY
Número de clasificación F-
Número de documento/Ítem A282n
100 ## - ENTRADA PRINCIPAL--NOMBRE DE PERSONA
9 (RLIN) 56895
245 13 - MENCIÓN DE TÍTULO
Título Código procesal penal :
Resto del título conozcamos nuestros derechos en el código procesal penal
250 ## - MENCIÓN DE EDICIÓN
Mención de edición 2a. ed.
260 ## - PUBLICACIÓN, DISTRIBUCIÓN, ETC.
Lugar de publicación, distribución, etc. Santo Domingo :
Nombre del editor, distribuidor, etc. Comisionado de Apoyo a la Reforma y Modernización de la Justicia,
Fecha de publicación, distribución, etc. 2007.
300 ## - DESCRIPCIÓN FÍSICA
Extensión 35 p. :
Otras características físicas 26 cm
Material acompañante/anejo il.
490 1# - MENCIÓN DE SERIE
Mención de serie Unapec por un mundo mejor
Designación de volumen o secuencia 1
590 ## - NOTA LOCAL (RLIN)
Nota local Inventariado, 2022 / DG
650 #4 - PUNTO DE ACCESO ADICIONAL DE MATERIA--TÉRMINO DE MATERIA
Término de materia o nombre geográfico como elemento de entrada DERECHO PENAL
Subdivisión geográfica REPUBLICA DOMINICANA
9 (RLIN) 16470
650 #4 - PUNTO DE ACCESO ADICIONAL DE MATERIA--TÉRMINO DE MATERIA
Término de materia o nombre geográfico como elemento de entrada DERECHO PROCESAL
Subdivisión geográfica REPUBLICA DOMINICANA
9 (RLIN) 13091
650 #4 - PUNTO DE ACCESO ADICIONAL DE MATERIA--TÉRMINO DE MATERIA
Término de materia o nombre geográfico como elemento de entrada PROCEDIMIENTO PENAL
Subdivisión geográfica REPUBLICA DOMINICANA
830 #0 - PUNTO DE ACCESO ADICIONAL DE SERIE-TÍTULO UNIFORME
9 (RLIN) 56896
910 ## - DATOS DE OPCIÓN DEL USUARIO (OCLC)
Datos de opción del usuario DG
942 ## - ELEMENTOS DE PUNTO DE ACCESO ADICIONAL (KOHA)
Fuente del sistema de clasificación o colocación Dewey Decimal Classification
Tipo de ítem Koha Libro
Existencias
Estado de retiro Estado de pérdida Fuente del sistema de clasificación o colocación Restricciones de uso No para préstamo Código de colección Localización permanente Ubicación/localización actual Ubicación en estantería Fecha de adquisición Total de préstamos Signatura topográfica completa Código de barras Fecha visto por última vez Precio válido a partir de Tipo de ítem Koha
    Dewey Decimal Classification Excluido de préstamo   Monografías: Libros y Folletos Biblioteca Nacional Pedro Henríquez Ureña Patrimonio Dominicano En catalogación 01.06.2022   F- A282n 2022-2561 01.06.2022 01.06.2022 Libro

Con tecnología Koha